| 000 -LEADER | |
|---|---|
| fixed length control field | 00389nam a22001457a 4500 |
| 005 - DATE AND TIME OF LATEST TRANSACTION | |
| control field | 20200710140653.0 |
| 008 - FIXED-LENGTH DATA ELEMENTS--GENERAL INFORMATION | |
| fixed length control field | 200710b xxu||||| |||| 00| 0 eng d |
| 082 ## - DEWEY DECIMAL CLASSIFICATION NUMBER | |
| Classification number | 345.4005 BHA-I |
| 100 ## - MAIN ENTRY--AUTHOR NAME | |
| Personal name | BHATT, VIJAY |
| 245 ## - TITLE STATEMENT | |
| Title | INDIAN BAR REVIEW [Vol.44I (2)2017 ,APRIL TO JUNE) |
| 260 ## - PUBLICATION, DISTRIBUTION, ETC. (IMPRINT) | |
| Place of publication | NEW DELHI |
| Name of publisher | BAR COUNCIL OF INDIA TRUST |
| 300 ## - PHYSICAL DESCRIPTION | |
| Number of Pages | 171p |
| 650 ## - SUBJECT ADDED ENTRY--TOPICAL TERM | |
| Topical Term | LAW |
| 942 ## - ADDED ENTRY ELEMENTS (KOHA) | |
| Koha item type | Journals/Serial |
| Lost status | Damaged status | Collection code | Home library | Current library | Shelving location | Date acquired | Source of acquisition | Cost, normal purchase price | Full call number | Accession Number | Koha item type |
|---|---|---|---|---|---|---|---|---|---|---|---|
| LAW | JRU Library | JRU Library | SHELF-33-C | 22/07/2020 | PURCHASE | 16000.00 | 345.4005 BHA-I | 25080 | Journals/Serial | ||
| LAW | JRU Library | JRU Library | SHELF-33-C | 22/07/2020 | PURCHASE | 16000.00 | 345.4005 BHA-I | 25081 | Journals/Serial | ||
| LAW | JRU Library | JRU Library | SHELF-33-C | 22/07/2020 | PURCHASE | 16000.00 | 345.4005 BHA-I | 25082 | Journals/Serial | ||
| LAW | JRU Library | JRU Library | SHELF-33-C | 22/07/2020 | PURCHASE | 16000.00 | 345.4005 BHA-I | 25083 | Journals/Serial | ||
| LAW | JRU Library | JRU Library | SHELF-33-C | 22/07/2020 | PURCHASE | 16000.00 | 345.4005 BHA-I | 25084 | Journals/Serial | ||
| LAW | JRU Library | JRU Library | SHELF-33-C | 22/07/2020 | PURCHASE | 16000.00 | 345.4005 BHA-I | 25085 | Journals/Serial | ||
| LAW | JRU Library | JRU Library | SHELF-33-C | 22/07/2020 | PURCHASE | 16000.00 | 345.4005 BHA-I | 25086 | Journals/Serial | ||
| LAW | JRU Library | JRU Library | SHELF-33-C | 22/07/2020 | PURCHASE | 16000.00 | 345.4005 BHA-I | 25087 | Journals/Serial | ||
| LAW | JRU Library | JRU Library | SHELF-33-C | 22/07/2020 | PURCHASE | 16000.00 | 345.4005 BHA-I | 25088 | Journals/Serial | ||
| LAW | JRU Library | JRU Library | SHELF-33-C | 22/07/2020 | PURCHASE | 16000.00 | 345.4005 BHA-I | 25089 | Journals/Serial |